Регионална библиотека "Любен Каравелов" - Русе

Концепцията "Електронно правителство" - Същност, проблеми и перспективи (Запис номер 107632)

MARC детайли
000 -Лидер
Контролно поле с фиксирана дължина 01826nam a2200385 c 4500
003 - Код на организацията, давaща контролен номер
Контролно поле BLK
005 - Дата и час на последна редакция
Контролно поле 20180422105808.0
008 - Елементи от данни с фиксирана дължина
fixed length control field 180409b bul|||||r ||||||| ||bul||
010 ## - Наследен системен номер
LC control number KNG00112921000
020 ## - Международен стандартен номер на книга ISBN
Международен стандартен номер на книга ISBN 954-715-162-2
-- издат.: Варненски свободен унив. Черноризец Храбър
040 ## - Източник на каталожния запис
Идентификатор на билиотеката - собственик на записа BLK
041 ## - Код за език
Код за езика на текст/звукозапис или на отделно заглавие Български
Код за езика КДБФ Български
080 ## - УДК
Текстов определител УДК Обществено управление. Публична администрация
УДК код - определител по УДК 351/354
УДК определител :681.324
УДК - код + определител 351/354:681.324
080 ## - УДК
Текстов определител УДК Услуги. Сфера на услугите
УДК код - определител по УДК 338.46
УДК определител :351/354:681.324
УДК - код + определител 338.46:351/354:681.324
100 1# - Редна дума - Автор
Автор Павлов, Павел Георгиев
Авторска отговорност първи автор
R(LIN) 368194
139 ## - Редно поле
Редна дума Павлов, Павел Георгиев
Авторски знак Павло - П 13
245 10 - Сведения за заглавието
Заглавие Концепцията "Електронно правителство" - Същност, проблеми и перспективи
Редно поле (дума) Павел Георгиев Павлов; съавт. Светла Христова Михалева.
257 ## - Страна на издаване
Страна на създаване/издаване България
260 ## - Област на издателските данни
-- Варна
Име на издателя, разпространителя и проч. Варненски свободен унив. Черноризец Храбър
Година на издаване 2003
Печатница Варна : График ООД
300 ## - Физическа характеристика
Страници 59 с.
Илюстрации и др. с табл.
Размери/Мащаб 20 см
380 ## - Жанр
Жанр Обществени науки
490 1# - СЕРИИ (Колекции)
Име на серия Серия Академичен форум
500 ## - Общи забележки
Забележка Билиогр. с. 56-58.
650 #4 - Допълнително описание по предмет – тема
Основно описание – тема или топоним Интернет - в администрацията
9 (RLIN) 286215
650 #4 - Допълнително описание по предмет – тема
Основно описание – тема или топоним Администрация
9 (RLIN) 146564
650 #4 - Допълнително описание по предмет – тема
Основно описание – тема или топоним Административно право
9 (RLIN) 263785
653 ## - Ключова дума – ненормативна
Ключова дума Интернет
653 ## - Ключова дума – ненормативна
Ключова дума администрация
700 1# - Други автори (авторска отговорност)
Лично име Михалева, Светла Христова
Автороска отговорност (Описва отношението между автора и произведението) съавт.
9 (RLIN) 371933
852 ## - Местоположение
Форматна сигнатура Цб 219421
856 4# - Електронен адрес и достъп
Електронен формат pdf - файл
Път до файла /url/
856 4# - Електронен адрес и достъп
Електронен формат pdf - файл
Път до файла /url/
942 ## - АРТИКУЛИ
Вид на библиотечния материал Книги
Скрит в OPAC Не
944 ## - СЪЗДАВАНЕ И РЕДАКЦИЯ на ЗАПИСА
Създаване/Редакция Създаване
Дата на регистрацията/редакция 10.05.2004
Служител, извършил регистрацията/редакцията Цветанка_Енчева
944 ## - СЪЗДАВАНЕ И РЕДАКЦИЯ на ЗАПИСА
Създаване/Редакция Редакция
Дата на регистрацията/редакция 09.11.2004
Служител, извършил регистрацията/редакцията
999 ## - СИСТЕМНИ КОНТРОЛНИ НОМЕРА
Koha biblionumber 107632
Koha biblioitemnumber 107632
Наличности
Код за отписване Код за изгубен артикул Код за повреда Коз за рестрикции Код за отдаване Артикулен № Име на библиотеката - собственик Име на библиотеката, в която се намира в момента Статус (Текущо местоположение) Дата на вписване в системата Местоположение - отдел Цена в лева Инвентарен номер Систематично азбучна сигнатура Баркод Номер на екземпляра Цена в евро Служебна бележка Служебен тип на артикула Източник на класификационната схема
  Не е изгубен Не е повреден без рестрикции ползва се в читалня 173628 Регионална библиотека "Любен Каравелов" Русе Регионална библиотека "Любен Каравелов" Русе Хранилище 2004-05-10 Хранилище 0.00 120000685263 Цб 219421 120000685263 1 0.00 Дост: Dp Вид: Д N: 27 Дата: 25.06.2003 Книги  
Изтеглен Не е изгубен Не е повреден без рестрикции заемане за дома 173629 Регионална библиотека "Любен Каравелов" Русе Регионална библиотека "Любен Каравелов" Русе Заемна - подръчен фонд 2004-10-29 Заемна - подръчен фонд 4.00 120000689728 П 351/354/П 13 120000689728 2 2.05 Дост: DA Вид: А N: 26 Дата: 29.10.2004 Дата инв: 06.02.2018 Бележки инв: П2018 Книги Universal Decimal Classification
Vip Innovations Ltd, Rousse, Bulgaria 2025